Fr. Conceicao Rodrigues College of Engineering

National Conference on Technical Education : The Changing needs (Record no. 24182)

MARC details
000 -LEADER
fixed length control field 00357nam a2200133Ia 4500
100 ## - MAIN ENTRY--PERSONAL NAME
Personal name Australian National Training Authority
245 ## - TITLE STATEMENT
Title National Conference on Technical Education : The Changing needs
260 ## - PUBLICATION, DISTRIBUTION, ETC.
Name of publisher, distributor, etc. South West Pub
Place of publication, distribution, etc. Cincinnati
Date of publication, distribution, etc. 1997
546 ## - LANGUAGE NOTE
Language note ENGLISH
650 ## - SUBJECT ADDED ENTRY--TOPICAL TERM
Topical term or geographic name entry element General
654 ## - SUBJECT ADDED ENTRY--FACETED TOPICAL TERMS
Focus term General
942 ## - ADDED ENTRY ELEMENTS (KOHA)
Koha item type BOOK
Holdings
Withdrawn status Lost status Damaged status Not for loan Collection Home library Current library Shelving location Date acquired Total Checkouts Full call number Barcode Date last seen Price effective from Koha item type
        CRC Fr. Agnel's C.Rodrigues College of Engineering Fr. Agnel's C.Rodrigues College of Engineering   17/03/2023   8956 17/03/2023 17/03/2023 BOOK